[Event "Donetsk m"]
[Site "Donetsk"]
[Date "2001.01.17"]
[Round "2"]
[White "Kortschnoj, Viktor Lvovich"]
[Black "Ponomariov, Ruslan"]
[Result "1-0"]
[WhiteElo "2639"]
[BlackElo "2677"]
[Annotator "Kortschnoj,V"]
[PlyCount "233"]
[EventDate "2001.01.16"]
[EventType "match"]
[EventRounds "8"]
[EventCountry "UKR"]
[SourceTitle "CBM 081"]
[Source "ChessBase"]
[SourceDate "2001.03.20"]
[SourceVersion "1"]
[SourceVersionDate "2001.03.20"]
[SourceQuality "1"]

1. c4 c5 2. Nf3 Nf6 3. Nc3 Nc6 4. d4 cxd4 5. Nxd4 e6 6. a3 Be7 7. e4 O-O 8. Nf3
{The only way to continue a fight. 8.Be2 d5 would lead to simplification and a
quick draw.} d6 9. Be2 b6 10. O-O Bb7 11. Bf4 Rc8 (11... Ne5 {was worth a
consideration:} 12. Nd2 Ned7 13. Re1 Nc5 14. Bf1 d5 15. e5 Nfe4 $13) 12. Re1 a6
13. Bf1 Qc7 14. b4 Rfd8 ({If} 14... Ne5 15. Nd2 b5 $2 {then after} 16. Bxe5
dxe5 17. c5 {white has an edge. In one of his games Robert Fischer in a
similar position has applied an interesting plan: Kh8, Rg8 and then g7-g5 with
an initiative on the king side...}) 15. Rc1 Ne5 16. Nd2 Qb8 17. h3 Bc6 18. Qe2
$14 Ng6 19. Bg3 Qb7 20. Nb3 h6 21. Rb1 $1 {planning a3-a4-a5 or c4-c5} Bf8 22.
f3 Re8 23. Bf2 Qb8 (23... d5 {does not work properly:} 24. cxd5 exd5 25. Qxa6
dxe4 26. fxe4 Nxe4 (26... Qxa6 27. Bxa6 Ra8 28. b5 $16) 27. Nxe4 Bxe4 28. Qxb7
Bxb7 29. Rxe8 Rxe8 30. Bxb6 $16) 24. Qe3 Nd7 25. Red1 Bb7 {Bad move.} (25...
Nge5 {was also not satisfactory due to} 26. f4 Ng6 27. a4 d5 28. cxd5 exd5 29.
e5 Bxb4 30. Nxd5 $16) ({The best in order to maintain tension in the position
was} 25... Be7 $1) 26. Na4 $1 $16 Nge5 (26... d5 27. Nxb6 Nxb6 28. Qxb6 dxe4 (
28... dxc4 $2 29. Na5 c3 30. Rbc1 $18) 29. Na5 Ba8 30. Qxb8 Rxb8 31. fxe4 Bxe4
32. Rbc1 {and then c5 +/-}) 27. Nxb6 Nxb6 28. Qxb6 Nxc4 29. Bxc4 Rxc4 30. Na5
Rc7 31. b5 $1 $18 Ba8 (31... axb5 32. Rxb5 Ree7 33. Nc6 $18) 32. Qxb8 $4 (32.
Qxa6 Rc2 33. b6 d5 34. b7 Bc5 (34... Rxf2 35. Kxf2 Bc5+ 36. Ke2 Qg3 (36... Qf4
37. Rb3 $18) 37. bxa8=Q $18) 35. Bxc5 Qg3 36. Qf1 $18) 32... Rxb8 33. b6 Rd7
34. b7 {34.Ba6!?} Bxb7 35. Rb3 Kh7 36. e5 $2 (36. Rdb1 Bxe4 37. Rxb8 Bxb1 38.
Rxb1 $16) (36. Rd2 $1 {and then Rdb2.}) 36... Bxf3 $1 37. Rxf3 d5 38. Nc6 Rc8
39. Nd4 Rb7 $44 40. Kf1 Kg8 41. Nb3 Rc2 42. Bd4 Rbc7 (42... Bxa3 $2 {was bad
because of} 43. Na5) ({but} 42... Ra2 $5 43. Nc5 Bxc5 44. Bxc5 Rbb2 $13 {
was an alternative.}) 43. a4 Bb4 44. Bb6 R7c4 45. Rf2 R2c3 46. Rb1 Be7 47. a5
f6 48. exf6 Bxf6 49. Rf3 Rc2 (49... Rxf3+ $5) 50. Rd1 Rb2 51. Nc5 $1 $16 e5 (
51... Rxb6 52. axb6 Rxc5 53. Rb1 Rc8 54. b7 Rb8 55. Ra3 $18) 52. Nxa6 (52. Nd7
$5) 52... e4 53. Rf2 Rxf2+ 54. Bxf2 d4 55. Be1 d3 56. Nb4 Rc5 57. g4 $2 (57. a6
$2 Rf5+ 58. Kg1 Bd4+ 59. Kh2 Rf1 60. Nc6 Bb6 61. a7 Bxa7 62. Nxa7 Rxe1 63. Rxe1
d2 $17) (57. Nxd3 $1 exd3 58. Rxd3 $16) 57... Rxa5 58. Nxd3 Ra3 $1 (58... Ra2
$2 59. Nf4 $18) 59. Nf2 Bh4 60. Nxe4 Bxe1 61. Rxe1 Rxh3 {From now on white has
a slight advantage, which is highly problematic to transform into a win.} 62.
Kg2 Rd3 63. Rh1 Kh7 64. Ng5+ Kg6 65. Nf3 Ra3 66. Rd1 Ra7 67. Rd6+ Kh7 68. Kg3
Rb7 69. Nd4 Ra7 70. Kf4 Ra4 71. Rd7 Kg6 72. Kg3 Kf6 73. Nf3 Ra6 74. Rb7 g5 {
Black could continue 74...Rc6, but transition into another set-up is also not
bad for black.} 75. Rb5 Kg6 76. Kf2 Rf6 77. Ke3 Rf4 78. Rb6+ Kh7 79. Ne5 Kg7
80. Rd6 Ra4 81. Rg6+ Kh7 82. Rc6 Kg7 $4 (82... Rf4 83. Rc7+ Kg8 84. Ra7 (84.
Rc4 Rxc4 85. Nxc4 Kg7 86. Kf3 Kg6 87. Ne5+ Kg7 $11) 84... h5 85. gxh5 Rh4 86.
Nd7 Kg7 $11) 83. Nc4 $1 $18 Ra7 84. Nd6 Ra3+ 85. Kd2 Ra2+ 86. Ke3 Ra3+ 87. Ke4
Ra4+ 88. Ke5 Ra5+ (88... Rxg4 89. Nf5+ Kh8 90. Kf6 Ra4 91. Rc8+ Kh7 92. Rc7+
Kh8 93. Ne7 Ra6+ 94. Nc6 Ra8 95. Kg6 Rg8+ 96. Kxh6 Re8 97. Ne7 $18) 89. Ke6 Kh7
90. Kf6 Ra7 91. Nf5 Rb7 92. Ra6 Rc7 93. Ke5 Rc5+ 94. Kd4 Rb5 95. Rxh6+ Kg8 96.
Rc6 Ra5 97. Ke4 Kf7 98. Nd4 Kg7 99. Rd6 Ra4 100. Ke5 Kf7 101. Rd5 Kg6 102. Rb5
Rc4 103. Rb6+ Kf7 104. Rd6 Ra4 105. Nf5 Ra5+ 106. Rd5 Ra7 107. Nd6+ Kg6 108.
Ne4 Ra4 109. Rc5 Ra6 110. Kd4 Ra4+ 111. Kd3 Ra3+ 112. Kd2 Ra2+ 113. Kc3 Ra3+
114. Kb4 Rf3 115. Rxg5+ Kh6 116. Rf5 Re3 117. Rf4 1-0

[Event "Donetsk m"]
[Site "Donetsk"]
[Date "2001.01.23"]
[Round "8"]
[White "Kortschnoj, Viktor Lvovich"]
[Black "Ponomariov, Ruslan"]
[Result "1-0"]
[WhiteElo "2639"]
[BlackElo "2677"]
[Annotator "Kortschnoj,V"]
[PlyCount "131"]
[EventDate "2001.01.16"]
[EventType "match"]
[EventRounds "8"]
[EventCountry "UKR"]
[SourceTitle "CBM 081"]
[Source "ChessBase"]
[SourceDate "2001.03.20"]
[SourceVersion "1"]
[SourceVersionDate "2001.03.20"]
[SourceQuality "1"]

1. c4 {Ribli} c5 2. Nf3 Nf6 3. Nc3 Nc6 4. d4 cxd4 5. Nxd4 e6 6. a3 Be7 7. e4
O-O 8. Nf3 Qc7 $1 {It is stronger than 8...d6 played in the game 2. Ribli:
'Das ist die Neuerung von Schwarz. In der 2. Wettkampfpartie spielte der junge
ukrainische GM 8...d6 und verlor nach 117 (!) Zügen. Die Idee des Zuges ist,
dass Schwarz nicht d7-d6 zieht, sondern nach Möglichkeit gleich den für diese
Stellung typischen Ausgleichszug d7-d5 durchsetzen will.'} 9. Bg5 b6 10. Bd3 {
According to the entourage of Ponomariov 10.Bh4 was more dangerous for black.
Ribli: 'Wir haben eine Igelstellung erreicht - Weiß hat ein starkes Zentrum
mit den Bauern auf c4 und e4, die schwarze Stellung hingegen ist etwas passiv,
aber elastisch.'} h6 $5 {An interesting idea. Normally people play Bb7 and
then d7-d6 and Nc6-e5.} 11. Bh4 Nh5 {Ribli: 'Mit diesem Zug tauscht Schwarz
die schwarzfeldrigen Läufer und verringert so den positionellen Druck von Weiß.
'} 12. Bxe7 (12. Bg3 {Ribli} Nxg3 13. hxg3 Bb7 $11) 12... Nxe7 13. O-O {
13.Nb5 was worth to interpose} (13. Nb5 {Ribli} Qb8 14. e5 Bb7 $13) 13... Ba6 {
Ribli: 'Schwarz strebt vollwertiges Spiel an, er ist mit seiner etwas passiven
Stellung offensichtlich nicht zufrieden.'} (13... Bb7 {Ribli}) 14. Rc1 Nf4 15.
Nb5 {'!?' Ribli. Ribli: 'Nur auf diesem Wege darf sich Weiß Hoffnungen auf
aktives Spiel machen. - Man muß hier anmerken, dass dies die letzte Partie in
diesen Match war. Zu diesem Zeitpunkt führte Ponomariov 4:3, Kortschnoj musste
als um jeden Preis gewinnen.'} (15. b3 d5 (15... Qd6 $5 16. Bc2 Qxa3 17. Qd2
Qb4 $13) (15... Rad8 $11 {Ribli}) (15... Rfd8 $11) 16. exd5 Rfd8 $13) 15...
Bxb5 (15... Qb8 {Ribli} 16. e5 $36) 16. cxb5 {'~~' Ribli. Ribli: 'Die weiße
Bauernstruktur ist aufgrund des Doppelbauern auf der b-Linie geschwächt, doch
der Pb5 verschafft Weiß dauerhaften Raumvorteil am Damenflügel.'} Qd6 (16...
Qb7 {Ribli} 17. Qd2 (17. g3 $14) 17... Nxd3 18. Qxd3 $14) 17. Bb1 Qxd1 18.
Rcxd1 (18. Rfxd1 $4 {Ribli} Ne2+ $19) 18... d5 {The arising position is
approximately equal.} (18... Rfd8 {was also playable.}) (18... Rfd8 {Ribli} 19.
g3 Nfg6 20. e5 $14) 19. e5 g5 $1 {Thus white's e-pawn will become a
long-lasting problem of white's position.  Ribli: 'Ein tiefer,
großmeisterlicher Zug - Schwarz verteidigt sich schon im vorhinein gegen die
positionelle Drohung g3-f4.'} (19... Rfc8 {Ribli} 20. g3 Nfg6 21. Rc1 Nf8 22.
Nd4 Nd7 23. f4 Kf8 24. b4 $14 {[%csl Rd7]}) 20. Rfe1 Rac8 21. h4 {21.Nd4} g4 (
21... gxh4 $5 {Ribli} 22. Nxh4 Rc5 $13) 22. Nh2 {Ribli: 'Kortschnoj versucht,
Komplikationen am Königsflügel zu schaffen.'} (22. Nd4 {Ribli}) 22... h5 23. f3
{In order to carry out his plan without obstacles white had to play g2-g3
first.} g3 ({Black could play now} 23... gxf3 24. Nxf3 Nfg6 (24... Neg6 25. g3
$18 {[%csl Rf4]}) 25. g3 (25. Kf2 {Ribli} f6 $13) 25... Rc4 {with about equal
chances but he prefers to deviate from the main line of the white's plan.}) 24.
Nf1 Neg6 25. Rd4 (25. Nxg3 Nxh4 26. Kf2 (26. Rd2 Nfxg2 27. Rxg2 Nxf3+ 28. Kf2
Nxe1 29. Kxe1 Rc1+ $19) 26... Nhxg2 (26... f6 {Ribli} 27. exf6 Rxf6 $36) 27.
Rg1 h4 28. Ne2 (28. Nh5) 28... Nxe2 29. Rxg2+ Ng3 30. Rd4 Rc4 31. Rxc4 dxc4 32.
Rh2 Nf5 33. Bxf5 exf5 {white advantage is hardly possible to convert into a win
}) 25... Rc4 {'?' Ribli.} (25... Rc1 $142 $1 {Ribli} 26. Rxc1 Ne2+ 27. Kh1 Nxd4
28. Nxg3 Nxb5 29. Bxg6 fxg6 30. Ne2 $14) 26. Rxc4 dxc4 27. Bxg6 {The only move.
Otherwise after 27.Re4 Rc8 and then c4-c3 it is black who stands better.} fxg6
28. Nxg3 {'+/=' Ribli. Ribli: 'Nach einer Reihe von Vereinfachungen hat Weiß
einen Bauern gewonnen, in der Folge bekommt Schwarz jedoch Aktivität. '} (28.
Re4 g5 $1 29. Nxg3 (29. hxg5 h4 $44) 29... gxh4 30. Ne2 Nxe2+ 31. Rxe2 h3 $11)
28... Nd3 {Ribli: 'Der lebendige Nd3 ist der Stolz der schwarzen Stellung.'}
29. Re2 Rd8 (29... Kf7 $5 30. Ne4 Ke7 $11) 30. Ne4 {'!' Ribli. Ribli: 'Weiß
gibt den Mehrbauern zurück, um seinen Springer zu aktivieren.'} Nxe5 (30... Kf8
$2 31. f4 $1 $16) 31. Ng5 Rd5 32. a4 Kg7 33. Nxe6+ Kf6 34. Ng5 (34. Nf4 $6 {
Ribli} Rd4 $11) 34... Kf5 35. Ne4 {Ribli: 'Weiß hat wieder einen Bauern mehr,
doch die Verwertung des Materialvorteils ist keineswegs leicht, da die
schwarzen Figuren aktiv stehen.'} Rd3 36. Nc3 (36. Kh2 {Ribli}) 36... Rd4 37.
Ne4 Rd3 38. Kh2 {Ribli: 'Natürlich gibt sich Weiß nicht mit Zugwiederholung
zufrieden, er nutzte die Gelgenheit vielmher, um in der Zeitnotphase etwas
Luft zu gewinnen.'} Rb3 39. Nd6+ Kf6 40. Ne8+ Kf5 41. Nd6+ Kf6 42. Kg3 Rb4 (
42... Rd3) 43. Re4 $1 Ke6 $1 {The only move:} (43... Rxb2 44. Rxe5) (43... Rxa4
44. b3 $16) 44. Nc8 Kf6 $1 45. Nxa7 Rxa4 (45... Rxb2 $2 46. Nc6 Nd3 47. Rxc4
Ne1 48. Re4 Rxg2+ 49. Kh3 Rg1 50. a5 bxa5 51. b6 Nxf3 52. Rf4+ Kg7 53. b7 g5
54. Rxf3 g4+ 55. Kh2 $18) 46. Nc6 Nd3 47. Ne7 Nxb2 48. Nd5+ Kf7 $4 {After} (
48... Kf5 49. Nxb6 Rb4 {black would still hold the game.}) 49. Re7+ Kf8 50. Rb7
$18 Nd1 51. Rxb6 c3 52. Rc6 Ra5 53. b6 Rb5 54. Rc7 Rxd5 (54... Ke8 55. Nf6+ Kd8
(55... Kf8 56. b7 c2 57. b8=Q+ Rxb8 58. Nd7+ Ke8 59. Nxb8 $18) 56. Rd7+ Kc8 57.
Rxd1 $18) 55. b7 Rb5 56. Rc8+ Kf7 (56... Ke7 57. b8=Q Rxb8 58. Rxb8 c2 59. Rc8
Ne3 60. Kf2 Kd7 61. Kxe3 Kxc8 62. Kd2 $18) 57. b8=Q Rxb8 58. Rxb8 c2 59. Rc8
Ne3 60. Kf2 Nf5 61. g3 Nd4 62. g4 Ke6 63. Ke3 Kd5 64. Rc3 g5 65. hxg5 hxg4 66.
fxg4 1-0

[Event "SUI-chT"]
[Site "Switzerland"]
[Date "2001.05.06"]
[Round "3.1"]
[White "Kortschnoj, Viktor Lvovich"]
[Black "Kaenel, Hansjuerg"]
[Result "1-0"]
[WhiteElo "2659"]
[BlackElo "2414"]
[PlyCount "75"]
[EventDate "2001.03.04"]
[EventType "team-tourn"]
[EventRounds "9"]
[EventCountry "SUI"]
[SourceTitle "EXT 2002"]
[Source "ChessBase"]
[SourceDate "2001.11.25"]
[SourceVersion "1"]
[SourceVersionDate "2001.11.25"]
[SourceQuality "1"]
[WhiteTeam "Zuerich"]
[BlackTeam "Reichenstein"]
[WhiteTeamCountry "SUI"]
[BlackTeamCountry "SUI"]

1. c4 e6 2. e4 d5 3. cxd5 exd5 4. exd5 Nf6 5. Bc4 a6 6. Nc3 b5 7. Bb3 Bb7 8.
Nf3 b4 9. Na4 Bxd5 10. O-O Be7 11. Re1 O-O 12. d4 Nc6 13. Be3 Na5 14. Bxd5 Nxd5
15. Rc1 Qd7 16. Bd2 Bd6 17. Nc5 Qb5 18. a4 bxa3 19. bxa3 Nc6 20. a4 Qb2 21. Nd3
Qa3 22. Nde5 Nxe5 23. dxe5 Be7 24. Qc2 Rab8 25. Qe4 Rbd8 26. Ng5 g6 27. e6 f5
28. Qh4 h5 29. Qc4 Nb6 30. Qc2 Rd4 31. Nf7 Rc4 32. Qb1 Qxa4 33. Qb2 Kh7 34. Qe5
c6 35. Qe3 f4 36. Qxb6 Re8 37. Rxc4 Qxc4 38. Qc7 1-0

[Event "Kortschnoj 70"]
[Site "St Petersburg"]
[Date "2001.03.20"]
[Round "3"]
[White "Kortschnoj, Viktor Lvovich"]
[Black "Rublevsky, Sergei"]
[Result "1-0"]
[WhiteElo "2639"]
[BlackElo "2657"]
[PlyCount "69"]
[EventDate "2001.03.20"]
[EventType "tourn (rapid)"]
[EventRounds "10"]
[EventCountry "RUS"]
[EventCategory "13"]
[SourceTitle "CBM 082"]
[Source "ChessBase"]
[SourceDate "2001.05.17"]
[SourceVersion "1"]
[SourceVersionDate "2001.05.17"]
[SourceQuality "1"]

1. c4 Nf6 2. g3 e5 3. Bg2 d5 4. cxd5 Nxd5 5. Nf3 Nc6 6. O-O Nb6 7. d3 Bd6 8. b3
O-O 9. Bb2 Bg4 10. Nbd2 Qd7 11. Rc1 Rae8 12. Ne4 Bh3 13. Nc5 Bxc5 14. Rxc5 Bxg2
15. Kxg2 f6 16. b4 Rf7 17. a3 Nd4 18. Bxd4 exd4 19. Qc2 Rfe7 20. Re1 Kh8 21. b5
Qd6 22. a4 Nxa4 23. Rc4 Nb6 24. Rxd4 Qa3 25. Rh4 a6 26. d4 h6 27. Rh5 Qa5 28.
g4 axb5 29. g5 Nd5 30. Qf5 c6 31. e4 Qd8 32. gxh6 g6 33. Qg4 gxh5 34. Qh4 Rg8+
35. Kf1 1-0

[Event "Kortschnoj 70"]
[Site "St Petersburg"]
[Date "2001.03.20"]
[Round "4"]
[White "Chepukaitis, Genrikh"]
[Black "Kortschnoj, Viktor Lvovich"]
[Result "0-1"]
[WhiteElo "2417"]
[BlackElo "2639"]
[Annotator "Tsesarsky,I"]
[PlyCount "106"]
[EventDate "2001.03.20"]
[EventType "tourn (rapid)"]
[EventRounds "10"]
[EventCountry "RUS"]
[EventCategory "13"]
[SourceTitle "CBM 082"]
[Source "ChessBase"]
[SourceDate "2001.05.17"]
[SourceVersion "1"]
[SourceVersionDate "2001.05.17"]
[SourceQuality "1"]

1. d4 c5 2. d5 Nf6 3. Nc3 d6 4. e4 a6 (4... g6 {-mainline.}) 5. f4 $6 $11 {
Rare move. Seems, both sides wish to leave theoretical wellknown variations as
soon as possible.} ({More popular is} 5. a4 $5 {but in a dozen games played
this variaton we can't find grandmaster's names...} {Here there are two main
plans Black can choose: to develop Bf8 to g7 and delay e7-e6 advance or to
develop Bf8 to e7. I would prefer the first one, but second plan is also
reliable.} g6 (5... e6 6. Bd3 (6. dxe6 Bxe6 7. f4 Be7 8. f5 Bd7 9. Nf3 Bc6 $132
{0-1 Matikka,H-Tanner,H/FIN-chT 1987/EXT 97 (38)}) (6. Nf3 exd5 (6... Be7 7.
Be2 exd5 8. exd5 O-O 9. O-O $14 {1/2-1/2 Meyer,I-Robert,J/GER 1998/EXT 2001 
(59)}) 7. exd5 Bg4 8. Be2 Be7 9. h3 Bxf3 10. Bxf3 O-O 11. O-O $14 {1/2-1/2
Lehner,E-Waldmann,I/Oberwart 1992/TD (49)}) (6. h3 Be7 7. Nge2 exd5 8. exd5
Nbd7 9. Ng3 O-O 10. Be2 Ne8 11. O-O $14 {0-1 Valles Moreno,I-Montalban,A/Los
Barrios 1995/EXT 98 (51)}) 6... Be7 7. f4 (7. Nge2 exd5 8. exd5 O-O 9. O-O $14
{1-0 Rogala,J-Prokopczuk,A/Rowy 2000/CBM 78 ext (47)}) 7... O-O 8. Nf3 exd5 9.
exd5 Nbd7 10. O-O Rb8 11. Kh1 $14 {1-0 Bletz,H-Ruehrig,V/Walldorf 1986/TD (55)}
) (5... e5 6. Be2 Be7 7. Nf3 Bg4 8. Nd2 Bxe2 9. Qxe2 Nbd7 10. a5 $14 {1-0
Knoppel,B-Thorn,C/Stockholm 1995/EXT 97 (18)}) 6. Be2 (6. Nf3 Nbd7 (6... Bg4 7.
Be2 Bxf3 8. Bxf3 Nbd7 9. O-O Bg7 10. Bf4 Rb8 11. a5 $14 {1-0 Przedmojski,
R-Krynicki,H/Polanczyk POL 2000/The Week in Chess 316 (39)}) 7. Be2 Bg7 8. O-O
O-O 9. Bg5 h6 10. Bh4 Qc7 11. Qd3 Ng4 12. Bg3 Nge5 13. Qe3 Nxf3+ 14. Bxf3 $14 {
1-0 Berlusconi,C-Dronigi,P/Lombardia 1991/EXT 97 (49)}) (6. f4 Bg7 7. Nf3 O-O
8. Bd3 e6 9. O-O exd5 10. exd5 $14 {0-1 Van der Wees,A-De Vos,B/Rotterdam 1974/
EXT 2001 (32)}) 6... Bg7 7. h3 O-O 8. Nf3 e5 9. O-O Nbd7 10. Nd2 Rb8 11. Nc4
Ne8 12. a5 $14 {1/2-1/2 Davydov,D-Kovalenko,V/WchT Silent 1994/EXT 97 (37)})
5... g6 $6 $14 {this is already novelty!} ({...but much better is immediate} 
5... e6 $1 6. Nf3 exd5 7. Nxd5 (7. exd5 b5 $1 $132) 7... Nxd5 8. Qxd5 Be7 9.
Bc4 O-O {We can compare this position with theoretical one with P placed on f2
instead of f4 - of course for White's favour.} 10. a4 (10. O-O Nc6 11. c3 Be6
12. Qd3 Bxc4 13. Qxc4 Bf6 $132 {[%csl Rc1]}) 10... Nc6 11. O-O Be6 12. Qd3 Nb4
13. Qb3 Bxc4 14. Qxc4 d5 $11 {1/2-1/2 Kallai,G-Ristic,N/Eupen 1999/EXT 2000 
(29)}) 6. e5 $5 (6. a4 $14) 6... dxe5 ({In case of} 6... Nfd7 $5 {White keeps
+/= by} 7. Nf3 (7. Qe2 $6 {[%cal Ge5d6]} dxe5 8. fxe5 Nb6 $1 {[%csl Rd5]} 9.
Be3 (9. Bf4 Nxd5 10. O-O-O e6 11. Qe4 Qb6 12. Nxd5 exd5 13. Qxd5 Be6 14. Qe4
Nc6 $15) 9... Nxd5 10. O-O-O e6 11. Qf3 Nc6 12. Nxd5 exd5 13. Rxd5 Qa5 14. a3
Be6 15. Rd1 Bg7 $15) 7... Bg7 8. exd6 $1 (8. Qe2 O-O 9. e6 fxe6 10. Qxe6+ Kh8
11. Qe3 b5 $132) 8... exd6 9. Qe2+ $5 Qe7 (9... Kf8 10. Bd2 $14 {[%csl Rf8]
[%cal Ge1c1]}) 10. Qxe7+ Kxe7 11. Bd2 Re8 12. O-O-O Kf8 13. Bd3 $14 {[%csl Rd6]
[%cal Gc3e4]}) (6... Ng8 $2 7. Nf3 $16) 7. fxe5 Ng4 8. Nf3 ({Worth of
attention as well} 8. e6 $1 {[%cal Gd1g4]} Ne5 9. Nf3 Bg7 (9... Nxf3+ 10. Qxf3
fxe6 11. dxe6 {[%cal Gf3b7]} Qd6 (11... Bxe6 12. Qxb7 $16) 12. Bc4 Nc6 13. Qf7+
Kd8 14. Bf4 Ne5 15. Bxe5 Qxe5+ 16. Kf1 Kc7 17. Re1 Qd4 18. Bd5 $14) 10. Nxe5
Bxe5 11. exf7+ Kxf7 12. Qf3+ $14) 8... Bg7 9. Bf4 Qb6 10. Rb1 Nd7 11. Qe2 Qb4 {
[%cal Gb4f4]} (11... O-O 12. h3 Nh6 13. g4 $16) 12. Bg3 ({Possible to play also
} 12. g3 {[%cal Gf1g2,Gf1h3]} g5 $5 13. a3 Qb6 14. Nxg5 Ndxe5 15. Nge4 $14 (15.
h3 Ng6 $1 {[%csl Rc3][%cal Gg7c3]} 16. Bd2 Nf6 17. Qf2 $14)) 12... O-O 13. h3
Nh6 14. a3 Qa5 15. Bf4 (15. Bf2 $6 {[%cal Gg2g4,Gf1g2]} Rd8 $1 {[%csl Rd5]
[%cal Gd7b6]} 16. Qd2 (16. g4 $2 Nb6 $1 $17 {[%csl Rd5]}) 16... b5 $132) 15...
Nf5 16. Qd2 (16. Qe4 Nd4 17. Nxd4 cxd4 18. Qxd4 {-like in this game.}) 16...
Nd4 17. Nxd4 cxd4 18. Qxd4 Qc7 19. d6 exd6 20. Qxd6 Qa5 21. Qd5 $2 $11 ({
Much stronger is} 21. Rd1 $1 {[%cal Gd1d5]} Bxe5 (21... Re8 22. Be2 Bxe5 (22...
Nxe5 23. Rd5 $18) 23. Bxe5 Rxe5 24. O-O Re6 25. Qd4 $16 {[%cal Ge2c4]}) 22.
Bxe5 Qxe5+ 23. Be2 Re8 24. O-O $14 {[%cal Ge2c4]}) 21... Qxd5 22. Nxd5 Bxe5 {
Now Black equalizes without difficulties...} 23. Bxe5 Nxe5 24. Nb6 ({or} 24.
Rd1 b5 (24... Be6 $2 25. Nc7 Rac8 26. Nxe6 fxe6 27. c3 Rcd8 28. Rxd8 Rxd8 29.
Be2 $14) 25. Be2 Bb7 $11) 24... Rb8 25. Rd1 (25. Nxc8 $2 Rbxc8 26. c3 Rfe8 27.
Kf2 Rcd8 $15 {[%csl Rf2,Rh1][%cal Gd8d2]}) 25... Bf5 26. c4 Rfe8 27. Kf2 (27.
Kd2 Rbd8+ 28. Nd5 Be4 29. Kc3 Kf8 $15) 27... Re6 28. c5 (28. Nd5 Rc8 29. Rd4
Nc6 30. Rd2 $11) 28... Rbe8 $6 $14 (28... Bc2 29. Rd2 Bb3 30. Be2 Rbe8 $132)
29. Rd2 Rf6 30. Nd5 Rc6 31. b4 $6 $11 {Both sides play not precisely.} (31. Be2
$142 Be4 (31... Rxc5 $2 32. Nf6+ $18) 32. Rhd1 Bxd5 33. Rxd5 Rf6+ 34. Kg3 $14)
31... Be4 32. Nc3 ({Interesting was} 32. b5 $5 axb5 33. Bxb5 Bxd5 34. Rxd5 Rf6+
35. Kg3 Re7 36. Rhd1 Rfe6 37. a4 $132 {[%csl Ra4,Rb7,Rc5]}) 32... Rf6+ 33. Kg3
Bc6 34. Be2 (34. a4 Rfe6 35. Be2 Nc4 36. Bxc4 Re3+ 37. Kh2 Rxc3 38. Bd5 $11) (
34. Bd3 Nxd3 35. Rxd3 Rfe6 36. Rhd1 $11) 34... h5 $6 $14 (34... Rfe6 35. Rhd1
$132) 35. Rf1 $6 $11 (35. Rhd1 $142 Rfe6 36. Nd5 Bxd5 37. Rxd5 $14) 35... Rxf1
36. Bxf1 Nc4 37. Re2 $4 {Terrible mistake in equal position.} ({Why not} 37.
Bxc4 Re3+ 38. Kf2 Rxc3 {[%csl Ra3,Rc4]} 39. Bd5 Rxa3 ({Or} 39... Bxd5 40. Rxd5
Rxa3 41. Rd7 a5 42. Rxb7 axb4 43. Rxb4 Rc3 $11) 40. Bxc6 bxc6 41. Rd6 Rb3 42.
Rxc6 Rxb4 43. Rxa6 Rc4 $11) 37... Rxe2 38. Bxe2 Nxa3 39. Bd3 Kg7 {[%cal Gg7f6]}
40. h4 (40. Kf2 h4 $19 {[%csl Rg2]}) (40. Ne4 Nb5 41. Kf4 Nc7 42. Ke5 Nd5 43.
b5 axb5 44. Bxb5 f6+ 45. Kd6 Bxb5 46. Kxd5 Bc6+ 47. Kd4 Bxe4 48. Kxe4 Kf7 49.
Kd5 Ke7 $19) 40... Kf6 41. Kf4 (41. Kf2 Ke5 42. Ke3 (42. g3 Kd4 $19 {[%csl Rc3,
Rd3]}) 42... Bxg2 $19) 41... Bxg2 42. Ne4+ Ke7 43. Ke5 Nb5 44. Nf6 Nc7 45. Bc4
Bc6 46. Ng8+ Kf8 47. Nf6 Kg7 48. Bb3 Ne8 49. Nd5 f6+ 50. Ke6 g5 51. Ne7 Nc7+
52. Kd6 Nb5+ 53. Ke6 gxh4 0-1